Are You Smarter Than a College Student? XXXIV Quiz Stats

 Plays Quiz Updated Aug 7, 2017

Support Sporcle.
Go Orange.
Score 0/30 Timer 07:00
0 Plays Today
Hint Answer % Correct
Easybamboo
93%
Easyburrito
92.1%
EasyBono
90.9%
Easybongo
85.6%
EasyBuffalo
83.9%
Easybanjo
82.6%
Easybravo
81.6%
EasyBilbo
79.9%
Easybingo
77.9%
EasyBronco
77.7%
MediumBoo-Boo
66.6%
MediumBrando
65.9%
MediumBaloo
65%
MediumBozo
60.3%
MediumBorneo
52.8%
Hint Answer % Correct
MediumBluto
45.5%
MediumBenazir Bhutto
36.6%
MediumBolero
34.4%
Mediumbonobo
34.2%
MediumBurkina Faso
33.1%
HardBilbao
28.9%
HardBrian Boitano
27.1%
Hardbenvenuto/ buon giorno
25.2%
HardBushido
22.7%
HardBizarro
22.5%
HardBedtime for Bonzo
21.4%
HardBanquo
18.5%
HardBamako
17.6%
HardBernardo
11.3%
HardBoccaccio
8.7%

You're not logged in!

Compare scores with friends on all Sporcle quizzes.
OR
Log In
Forgot?

From the Vault

NBA Players with Most Championships

by Derek

Some of these guys have to put championship rings on their thumbs or toes.
Remove Ads.
Support Sporcle.
Get the best of Sporcle when you Go Orange. This ad-free experience offers more features, more stats, and more fun while also helping to support Sporcle. Thank you for becoming a member.

Show Comments

Extras

Top Quizzes Today


Score Distribution

Your Account Isn't Verified!

In order to create a playlist on Sporcle, you need to verify the email address you used during registration. Go to your Sporcle Settings to finish the process.

Report this User

Report this user for behavior that violates our Community Guidelines.

Details: